[Event "SLO-chT 22th"]
[Site "Ljubljana"]
[Date "2012.12.07"]
[Round "8"]
[White "Zupe, Miran"]
[Black "Soln, Primoz"]
[Result "1/2-1/2"]
[WhiteElo "2323"]
[BlackElo "2387"]
[PlyCount "71"]
[EventDate "2012.11.23"]
[EventType "team-tourn"]
[EventRounds "9"]
[EventCountry "SLO"]
[SourceTitle "CBM 151 Extra"]
[Source "ChessBase"]
[SourceDate "2012.12.18"]
[SourceVersion "1"]
[SourceVersionDate "2012.12.18"]
[SourceQuality "1"]
[WhiteTeam "Maribor Branik"]
[BlackTeam "Ljubljana Vidmar"]
[WhiteTeamCountry "SLO"]
[BlackTeamCountry "SVK"]

1. c4 e5 2. g3 d6 3. Bg2 Nc6 4. Nc3 Be6 5. d3 Qd7 6. Nd5 Nd8 7. d4 c6 8. Ne3 exd4 9. Qxd4 Nf6 10. Nf3 Bh3 11. 0-0 Bxg2 12. Kxg2 Be7 13. b3 0-0 14. Bb2 Ne6 15. Qc3 Ne4 16. Qc2 Bf6 17. Bxf6 Nxf6 18. Rfd1 Rad8 19. Nf5 Qc7 20. e4 Nc5 21. Nxd6 Rxd6 22. Rxd6 Qxd6 23. e5 Qe6 24. exf6 Qxf6 25. Rd1 Rd8 26. Rxd8+ Qxd8 27. Qf5 Ne6 28. h4 h6 29. Qc2 c5 30. Qe4 b6 31. Qb7 Qc7 32. Qa8+ Kh7 33. Qe4+ Kg8 34. Qa8+ Kh7 35. Qe4+ Kg8 36. Qa8+ 1/2-1/2

[Event "SLO-chT 22th"]
[Site "Ljubljana"]
[Date "2012.12.02"]
[Round "6"]
[White "Soln, Primoz"]
[Black "Horvath, Tamas"]
[Result "1-0"]
[WhiteElo "2387"]
[BlackElo "2434"]
[PlyCount "129"]
[EventDate "2012.11.23"]
[EventType "team-tourn"]
[EventRounds "9"]
[EventCountry "SLO"]
[SourceTitle "CBM 151 Extra"]
[Source "ChessBase"]
[SourceDate "2012.12.18"]
[SourceVersion "1"]
[SourceVersionDate "2012.12.18"]
[SourceQuality "1"]
[WhiteTeam "Ljubljana Vidmar"]
[BlackTeam "Lendava Rokada"]
[WhiteTeamCountry "SVK"]
[BlackTeamCountry "SLO"]

1. d4 Nf6 2. c4 e6 3. Nf3 Bb4+ 4. Bd2 Qe7 5. g3 Nc6 6. Bg2 Bxd2+ 7. Nbxd2 d6 8. 0-0 a5 9. e4 e5 10. d5 Nb8 11. Ne1 h5 12. Nef3 Na6 13. Qa4+ Kf8 14. Qxa5 h4 15. Rfe1 hxg3 16. fxg3 g6 17. b4 Rb8 18. Rac1 c5 19. b5 Nc7 20. Qc3 Kg7 21. a4 Rh5 22. a5 Bd7 23. Ra1 Rbh8 24. Nf1 Bc8 25. Ra2 Bg4 26. a6 b6 27. Nh4 Bd7 28. Bf3 R5h7 29. Ne3 Kf8 30. Rf2 Ke8 31. Ref1 Kd8 32. Qd3 Kc8 33. Qe2 Kb8 34. Bg2 Nh5 35. Qf3 Qg5 36. Nc2 Ka7 37. Qe3 Qe7 38. Nf3 Rg7 39. Qg5 f6 40. Qc1 f5 41. Nfe1 f4 42. gxf4 Nxf4 43. Rxf4 exf4 44. Qxf4 Ne8 45. Ne3 Rgh7 46. Ng4 Qg7 47. Nf3 Rf8 48. Qg3 Qc3 49. e5 Qxc4 50. Ne3 Qc3 51. Ng5 Rhh8 52. Nf7 Bxb5 53. Nxh8 Bxf1 54. Nxg6 Bxg2 55. Nxf8 Be4 56. exd6 Nxd6 57. Qxd6 Qxe3+ 58. Kf1 Qf3+ 59. Ke1 Qe3+ 60. Kf1 Qd3+ 61. Ke1 Qxd5 62. Qc7+ Kxa6 63. Nd7 Qb7 64. Qd6 Bf5 65. Nxc5+ 1-0

[Event "SLO-chT 22th"]
[Site "Ljubljana"]
[Date "2012.11.30"]
[Round "4"]
[White "Soln, Primoz"]
[Black "Zupancic, Jernej"]
[Result "1-0"]
[WhiteElo "2387"]
[BlackElo "2160"]
[PlyCount "71"]
[EventDate "2012.11.23"]
[EventType "team-tourn"]
[EventRounds "9"]
[EventCountry "SLO"]
[SourceTitle "CBM 151 Extra"]
[Source "ChessBase"]
[SourceDate "2012.12.18"]
[SourceVersion "1"]
[SourceVersionDate "2012.12.18"]
[SourceQuality "1"]
[WhiteTeam "Ljubljana Vidmar"]
[BlackTeam "Novo Mesto Krka"]
[WhiteTeamCountry "SVK"]
[BlackTeamCountry "SLO"]

1. d4 d5 2. c4 c6 3. Nc3 Nf6 4. Nf3 a6 5. c5 b5 6. cxb6 Qxb6 7. Na4 Qc7 8. g3 e6 9. Bf4 Bd6 10. Bxd6 Qxd6 11. a3 Nbd7 12. Rc1 0-0 13. Qc2 Bb7 14. Bg2 Rac8 15. 0-0 Ne4 16. Nd2 Nxd2 17. Qxd2 e5 18. dxe5 Qxe5 19. e4 Rfd8 20. exd5 cxd5 21. Qa5 Re8 22. b4 Rxc1 23. Rxc1 Nf6 24. Nc5 Bc8 25. Nxa6 Ng4 26. Nc7 Nxf2 27. Rf1 Nh3+ 28. Kh1 Qe3 29. Qc5 Qxc5 30. bxc5 Re2 31. Nxd5 g6 32. c6 Kg7 33. Nb6 Be6 34. c7 Rc2 35. c8Q Bxc8 36. Nxc8 1-0

[Event "SLO-chT 22th"]
[Site "Ljubljana"]
[Date "2012.11.24"]
[Round "2"]
[White "Soln, Primoz"]
[Black "Gruskovnjak, Tomislav"]
[Result "1/2-1/2"]
[WhiteElo "2387"]
[BlackElo "2389"]
[PlyCount "65"]
[EventDate "2012.11.23"]
[EventType "team-tourn"]
[EventRounds "9"]
[EventCountry "SLO"]
[SourceTitle "CBM 151 Extra"]
[Source "ChessBase"]
[SourceDate "2012.12.18"]
[SourceVersion "1"]
[SourceVersionDate "2012.12.18"]
[SourceQuality "1"]
[WhiteTeam "Ljubljana Vidmar"]
[BlackTeam "Radenska Pomgrad"]
[WhiteTeamCountry "SVK"]
[BlackTeamCountry "SLO"]

1. Nf3 c5 2. c3 d5 3. d4 cxd4 4. cxd4 Nc6 5. Nc3 Nf6 6. Bf4 e6 7. e3 Bd6 8. Bg3 0-0 9. Bd3 a6 10. Rc1 Re8 11. 0-0 Bxg3 12. hxg3 Qd6 13. Bb1 b5 14. Ne2 Bd7 15. Nf4 Rec8 16. Nd3 Ne4 17. Nc5 f5 18. a3 a5 19. Ba2 b4 20. a4 Ne7 21. Nd3 Rxc1 22. Nxc1 Rc8 23. Nd3 Be8 24. Nfe5 Ng6 25. Nxg6 Bxg6 26. Bb3 Be8 27. Qe2 Qa6 28. Rd1 Rc7 29. Qe1 Qc8 30. Rc1 Rxc1 31. Qxc1 Qxc1+ 32. Nxc1 Nd2 33. Bc2 1/2-1/2

[Event "SLO-chT1 West"]
[Site "Ljubljana"]
[Date "2010.10.10"]
[Round "6.3"]
[White "Soln, Primoz"]
[Black "Zupancic, Jernej"]
[Result "1-0"]
[WhiteElo "2390"]
[BlackElo "2075"]
[PlyCount "57"]
[EventDate "2010.09.24"]
[EventType "team-tourn"]
[EventRounds "9"]
[EventCountry "SLO"]
[SourceTitle "CBM 138 Extra"]
[Source "ChessBase"]
[SourceDate "2010.10.29"]
[SourceVersion "1"]
[SourceVersionDate "2010.10.29"]
[SourceQuality "1"]
[WhiteTeam "Ljubljana Vidmar"]
[BlackTeam "Novo Mesto Krka"]
[WhiteTeamCountry "SLO"]
[BlackTeamCountry "SLO"]

1. d4 d5 2. c4 c6 3. Nc3 Nf6 4. Nf3 e6 5. Bg5 Nbd7 6. cxd5 exd5 7. e3 Be7 8. Qc2 0-0 9. Bd3 Re8 10. 0-0 h6 11. Bf4 Nh5 12. Nxd5 Nxf4 13. Nxf4 Bd6 14. Ne2 Nb6 15. h3 g5 16. Bh7+ Kh8 17. Bf5 Qf6 18. Bxc8 Raxc8 19. Ng3 Nd5 20. Nf5 Qg6 21. Rac1 Bb8 22. g4 Re6 23. Qb3 Nb6 24. a4 h5 25. a5 hxg4 26. hxg4 Re4 27. axb6 Rxg4+ 28. Ng3 Qh5 29. Kg2 1-0

[Event "SLO-chT1 West"]
[Site "Ljubljana"]
[Date "2010.09.24"]
[Round "1.3"]
[White "Plaskan, Jure"]
[Black "Soln, Primoz"]
[Result "0-1"]
[WhiteElo "2224"]
[BlackElo "2390"]
[PlyCount "54"]
[EventDate "2010.09.24"]
[EventType "team-tourn"]
[EventRounds "9"]
[EventCountry "SLO"]
[SourceTitle "CBM 138 Extra"]
[Source "ChessBase"]
[SourceDate "2010.10.29"]
[SourceVersion "1"]
[SourceVersionDate "2010.10.29"]
[SourceQuality "1"]
[WhiteTeam "Domzale"]
[BlackTeam "Ljubljana Vidmar"]
[WhiteTeamCountry "SLO"]
[BlackTeamCountry "SLO"]

1. e4 e6 2. d4 d5 3. exd5 exd5 4. c4 Bb4+ 5. Nc3 Qe7+ 6. Qe2 Nc6 7. Be3 Nf6 8. Nf3 dxc4 9. Bg5 Be6 10. 0-0-0 0-0-0 11. Ne4 h6 12. Bxf6 gxf6 13. Nc3 Qd6 14. g3 Rhe8 15. Qc2 Bxc3 16. Qxc3 Nb4 17. Bxc4 Nxa2+ 18. Bxa2 Bxa2 19. Rd2 Bd5 20. Rhd1 Qa6 21. Rc2 c6 22. Ne1 Qa1+ 23. Kd2 Qa4 24. b4 Be4 25. Ra1 Qb5 26. Ra5 Qf1 27. Rca2 Bd5 0-1

[Event "SLO-chT 19th"]
[Site "Rogaska Slatina"]
[Date "2009.??.??"]
[Round "6"]
[White "Soln, Primoz"]
[Black "Borisek, Jure"]
[Result "0-1"]
[WhiteElo "2387"]
[BlackElo "2581"]
[PlyCount "70"]
[EventDate "2009.12.11"]
[EventType "team-tourn"]
[EventRounds "9"]
[EventCountry "SLO"]
[SourceTitle "CBM 133 Extra"]
[Source "ChessBase"]
[SourceDate "2010.01.05"]
[SourceVersion "1"]
[SourceVersionDate "2010.01.05"]
[SourceQuality "1"]
[WhiteTeam "Ljubljana Metalka Trgovina"]
[BlackTeam "Maribor ZSK"]
[WhiteTeamCountry "SLO"]
[BlackTeamCountry "SLO"]

1. d4 Nf6 2. Nf3 g6 3. Bg5 Bg7 4. Nbd2 0-0 5. e3 d6 6. Be2 c5 7. c3 Nc6 8. 0-0 h6 9. Bh4 cxd4 10. cxd4 g5 11. Bg3 Nh5 12. Qb3 e5 13. dxe5 dxe5 14. Rfd1 Nxg3 15. hxg3 Qe7 16. Ne4 Kh8 17. Bb5 f5 18. Bxc6 bxc6 19. Nd6 Be6 20. Qc3 Bd5 21. Qc5 e4 22. Nd2 Qe6 23. N6c4 f4 24. gxf4 gxf4 25. exf4 Rxf4 26. Rac1 Raf8 27. Rf1 Rg8 28. Ne3 Bxb2 29. Rb1 Be5 30. Qxa7 Rh4 31. Rfc1 Qg6 32. Ndf1 Qh5 33. Ng3 Bxg3 34. fxg3 Rh1+ 35. Kf2 Rf8+ 0-1

[Event "SLO-chT 19th"]
[Site "Rogaska Slatina"]
[Date "2009.??.??"]
[Round "5"]
[White "Vombek, Danijel"]
[Black "Soln, Primoz"]
[Result "1/2-1/2"]
[WhiteElo "2362"]
[BlackElo "2387"]
[PlyCount "32"]
[EventDate "2009.12.11"]
[EventType "team-tourn"]
[EventRounds "9"]
[EventCountry "SLO"]
[SourceTitle "CBM 133 Extra"]
[Source "ChessBase"]
[SourceDate "2010.01.05"]
[SourceVersion "1"]
[SourceVersionDate "2010.01.05"]
[SourceQuality "1"]
[WhiteTeam "Celjski"]
[BlackTeam "Ljubljana Metalka Trgovina"]
[WhiteTeamCountry "SLO"]
[BlackTeamCountry "SLO"]

1. e4 c6 2. d4 d5 3. exd5 cxd5 4. Bd3 Nc6 5. c3 Nf6 6. Bf4 Bg4 7. Qb3 Qc8 8. Nd2 e6 9. Ngf3 Be7 10. 0-0 0-0 11. Rae1 Bh5 12. Ne5 Nxe5 13. Bxe5 Nd7 14. Bf4 Bg6 15. Bxg6 hxg6 16. Re3 Re8 1/2-1/2

[Event "SLO-chT 18th"]
[Site "Murska Sobota"]
[Date "2008.12.14"]
[Round "9"]
[White "Skoberne, Jure"]
[Black "Soln, Primoz"]
[Result "1/2-1/2"]
[WhiteElo "2501"]
[BlackElo "2388"]
[PlyCount "146"]
[EventDate "2008.12.06"]
[EventType "team-tourn"]
[EventRounds "9"]
[EventCountry "SLO"]
[SourceTitle "CBM 127 Extra"]
[Source "ChessBase"]
[SourceDate "2009.01.08"]
[SourceVersion "2"]
[SourceVersionDate "2009.01.28"]
[SourceQuality "1"]
[WhiteTeam "Maribor LANCom"]
[BlackTeam "Ljubljana Metalka Trgovina"]
[WhiteTeamCountry "SLO"]
[BlackTeamCountry "SLO"]

1. e4 e6 2. d3 d5 3. Nf3 c5 4. Nbd2 Nc6 5. g3 Bd6 6. Bg2 Nge7 7. 0-0 0-0 8. a4 Qc7 9. Nh4 Bd7 10. f4 f6 11. c3 Rad8 12. Qe2 Qb8 13. Ndf3 Be8 14. Bh3 e5 15. Be6+ Bf7 16. Bxf7+ Rxf7 17. f5 Na5 18. Be3 c4 19. Rad1 b6 20. dxc4 Nxc4 21. Bc1 Qc7 22. exd5 Qc5+ 23. Kh1 Nxd5 24. Qe4 Bf8 25. Rd3 Rfd7 26. Rfd1 b5 27. b4 Qc6 28. Ng2 bxa4 29. Ne3 Ncb6 30. b5 Qc5 31. c4 Nc3 32. Rxc3 Rxd1+ 33. Nxd1 Rxd1+ 34. Kg2 Nd5 35. Rc2 Nb4 36. Ba3 Ra1 37. Bxb4 Qxb4 38. Qd5+ Kh8 39. Rd2 Qb1 40. Rf2 Ra2 41. Nd2 Qb4 42. c5 Rc2 43. Ne4 Rxf2+ 44. Kxf2 a3 45. Qd8 Qd4+ 46. Qxd4 exd4 47. c6 a2 48. c7 a1Q 49. c8Q Qa3 50. Kg2 h6 51. Qd8 Qb4 52. Qd7 Qb2+ 53. Kh3 Kg8 54. Qd5+ Kh8 55. Qd7 Qb4 56. Qf7 d3 57. Qd5 Qb1 58. Qd8 Kg8 59. Qd5+ Kh8 60. Qd8 Qf1+ 61. Kh4 Kg8 62. Qd5+ Kh7 63. Nxf6+ gxf6 64. Qf7+ Bg7 65. Qg6+ Kg8 66. Qe8+ Bf8 67. Qg6+ Kh8 68. Qf7 Bg7 69. Qe8+ Kh7 70. Qg6+ Kg8 71. Qe8+ Bf8 72. Qg6+ Kh8 73. Qf7 Bg7 1/2-1/2

[Event "SLO-chT 18th"]
[Site "Murska Sobota"]
[Date "2008.12.13"]
[Round "8"]
[White "Soln, Primoz"]
[Black "Barle, Janez"]
[Result "1/2-1/2"]
[WhiteElo "2388"]
[BlackElo "2415"]
[PlyCount "25"]
[EventDate "2008.12.06"]
[EventType "team-tourn"]
[EventRounds "9"]
[EventCountry "SLO"]
[SourceTitle "CBM 127 Extra"]
[Source "ChessBase"]
[SourceDate "2009.01.08"]
[SourceVersion "2"]
[SourceVersionDate "2009.01.28"]
[SourceQuality "1"]
[WhiteTeam "Ljubljana Metalka Trgovina"]
[BlackTeam "Ljubljana Vidmar"]
[WhiteTeamCountry "SLO"]
[BlackTeamCountry "SLO"]

1. d4 d5 2. c4 e6 3. Nc3 Nf6 4. cxd5 exd5 5. Bg5 c6 6. Qc2 Be7 7. e3 0-0 8. Bd3 Nbd7 9. Nf3 Re8 10. 0-0 Nf8 11. Rab1 Ne4 12. Bxe7 Qxe7 13. b4 1/2-1/2

[Event "SLO-chT 18th"]
[Site "Murska Sobota"]
[Date "2008.12.11"]
[Round "6"]
[White "Soln, Primoz"]
[Black "Mitrovic, Boris"]
[Result "1/2-1/2"]
[WhiteElo "2388"]
[BlackElo "2146"]
[PlyCount "43"]
[EventDate "2008.12.06"]
[EventType "team-tourn"]
[EventRounds "9"]
[EventCountry "SLO"]
[SourceTitle "CBM 127 Extra"]
[Source "ChessBase"]
[SourceDate "2009.01.08"]
[SourceVersion "2"]
[SourceVersionDate "2009.01.28"]
[SourceQuality "1"]
[WhiteTeam "Ljubljana Metalka Trgovina"]
[BlackTeam "Sevnica Majcen"]
[WhiteTeamCountry "SLO"]
[BlackTeamCountry "SLO"]

1. d4 f5 2. Bg5 g6 3. Nc3 Bg7 4. e4 fxe4 5. Nxe4 d5 6. Nc5 b6 7. Nb3 a5 8. a4 Nh6 9. h4 Nf7 10. Nf3 Qd6 11. Be2 c5 12. c4 cxd4 13. cxd5 Qxd5 14. Rc1 Ba6 15. Nbxd4 Nxg5 16. hxg5 Bxe2 17. Kxe2 Na6 18. Qd3 0-0 19. Rh4 Nc5 20. Qc4 Qxc4+ 21. Rxc4 Rac8 22. g3 1/2-1/2

[Event "Bled op-A 25th"]
[Site "Bled"]
[Date "2008.02.28"]
[Round "7"]
[White "Soln, Primoz"]
[Black "Zorko, Jure"]
[Result "1/2-1/2"]
[WhiteElo "2384"]
[BlackElo "2333"]
[PlyCount "48"]
[EventDate "2008.02.23"]
[EventType "swiss"]
[EventRounds "9"]
[EventCountry "SLO"]
[SourceTitle "CBM 122 Extra"]
[Source "ChessBase"]
[SourceDate "2008.03.04"]
[SourceVersion "1"]
[SourceVersionDate "2008.03.04"]
[SourceQuality "1"]

1. c4 Nf6 2. Nc3 e6 3. e4 d5 4. e5 d4 5. exf6 dxc3 6. bxc3 Qxf6 7. d4 e5 8. Nf3 exd4 9. cxd4 Bb4+ 10. Bd2 Bxd2+ 11. Qxd2 0-0 12. Be2 c5 13. 0-0 cxd4 14. Qxd4 Nc6 15. Qxf6 gxf6 16. Rfd1 Be6 17. Nd4 Nxd4 18. Rxd4 Rfd8 19. Rad1 Rxd4 20. Rxd4 Rc8 21. f4 f5 22. Kf2 Kf8 23. Ke3 Ke7 24. g3 b6 1/2-1/2

[Event "Bled op-A 25th"]
[Site "Bled"]
[Date "2008.02.23"]
[Round "1"]
[White "Soln, Primoz"]
[Black "Jeraj, Zlatko"]
[Result "1-0"]
[WhiteElo "2384"]
[BlackElo "2135"]
[PlyCount "65"]
[EventDate "2008.02.23"]
[EventType "swiss"]
[EventRounds "9"]
[EventCountry "SLO"]
[SourceTitle "CBM 122 Extra"]
[Source "ChessBase"]
[SourceDate "2008.03.04"]
[SourceVersion "1"]
[SourceVersionDate "2008.03.04"]
[SourceQuality "1"]

1. d4 Nf6 2. c4 e6 3. Nc3 Bb4 4. Nf3 d5 5. Bg5 Be7 6. e3 0-0 7. Qc2 h6 8. Bh4 c6 9. 0-0-0 a5 10. Rg1 dxc4 11. Bxc4 b5 12. Be2 a4 13. g4 Nh7 14. Bxe7 Qxe7 15. h4 f5 16. gxf5 Rxf5 17. Rg3 Qf8 18. Bd3 Rxf3 19. Bxh7+ Kh8 20. Rxf3 Qxf3 21. Nxb5 Ba6 22. Nc7 Ra7 23. Nxe6 Be2 24. Re1 Bb5 25. Nf4 Rf7 26. Ng6+ Kxh7 27. Ne5+ Qf5 28. Nxf7 Bd3 29. e4 Qxf7 30. Qxd3 Qxf2 31. e5+ Kg8 32. Rf1 Qxh4 33. e6 1-0

[Event "SLO-chT 17th"]
[Site "Murska Sobota"]
[Date "2007.12.12"]
[Round "5"]
[White "Kos, Toni"]
[Black "Soln, Primoz"]
[Result "1/2-1/2"]
[WhiteElo "2340"]
[BlackElo "2384"]
[PlyCount "22"]
[EventDate "2007.12.09"]
[EventType "team-tourn"]
[EventRounds "9"]
[EventCountry "SLO"]
[SourceTitle "CBM 121 Extra"]
[Source "ChessBase"]
[SourceDate "2008.01.10"]
[SourceVersion "1"]
[SourceVersionDate "2008.01.10"]
[SourceQuality "1"]
[WhiteTeam "Krsko Triglav"]
[BlackTeam "Ljubljana Metalka Trgovina"]
[WhiteTeamCountry "SLO"]
[BlackTeamCountry "SLO"]

1. Nc3 d5 2. d3 c6 3. Nf3 Nf6 4. Bg5 Qb6 5. Qc1 Nbd7 6. e4 h6 7. Be3 Qc7 8. exd5 cxd5 9. d4 a6 10. Bd3 e6 11. 0-0 Bd6 1/2-1/2

[Event "SLO-chT 17th"]
[Site "Murska Sobota"]
[Date "2007.12.10"]
[Round "2"]
[White "Soln, Primoz"]
[Black "Barle, Janez"]
[Result "0-1"]
[WhiteElo "2384"]
[BlackElo "2396"]
[PlyCount "80"]
[EventDate "2007.12.09"]
[EventType "team-tourn"]
[EventRounds "9"]
[EventCountry "SLO"]
[SourceTitle "CBM 121 Extra"]
[Source "ChessBase"]
[SourceDate "2008.01.10"]
[SourceVersion "1"]
[SourceVersionDate "2008.01.10"]
[SourceQuality "1"]
[WhiteTeam "Ljubljana Metalka Trgovina"]
[BlackTeam "Maribor LANCom"]
[WhiteTeamCountry "SLO"]
[BlackTeamCountry "SLO"]

1. d4 Nf6 2. c4 e6 3. Nf3 d5 4. Nc3 c5 5. cxd5 cxd4 6. Qa4+ Nbd7 7. Nxd4 Nxd5 8. Nxd5 exd5 9. g3 Qb6 10. Bd2 Bc5 11. Bc3 0-0 12. Bg2 Nf6 13. e3 Bd7 14. Qb3 Ne4 15. Qxd5 Nxc3 16. bxc3 Rad8 17. Qb3 Bxd4 18. cxd4 Qa5+ 19. Kf1 Ba4 20. Qb2 Rc8 21. Be4 f5 22. Bd3 Rc3 23. Qd2 Rfc8 24. Kg2 Qd5+ 25. f3 Rc2 26. Bxc2 Rxc2 27. Qxc2 Bxc2 28. Rhf1 Bd3 29. Rf2 Qe6 30. Re1 g5 31. Rd2 g4 32. fxg4 fxg4 33. Kg1 Be4 34. Rf2 Bf3 35. h4 Qc4 36. e4 Qc3 37. Kf1 Qd3+ 38. Kg1 Bxe4 39. Kh2 Bf3 40. d5 Qxd5 0-1

[Event "SLO-chT 17th"]
[Site "Murska Sobota"]
[Date "2007.12.09"]
[Round "1"]
[White "Soln, Primoz"]
[Black "Srebrnic, Ana"]
[Result "1-0"]
[WhiteElo "2384"]
[BlackElo "2278"]
[PlyCount "55"]
[EventDate "2007.12.09"]
[EventType "team-tourn"]
[EventRounds "9"]
[EventCountry "SLO"]
[SourceTitle "CBM 121 Extra"]
[Source "ChessBase"]
[SourceDate "2008.01.10"]
[SourceVersion "1"]
[SourceVersionDate "2008.01.10"]
[SourceQuality "1"]
[WhiteTeam "Ljubljana Metalka Trgovina"]
[BlackTeam "Nova Gorica"]
[WhiteTeamCountry "SLO"]
[BlackTeamCountry "SLO"]

1. d4 d6 2. e4 Nf6 3. Bd3 e5 4. d5 g6 5. c4 Bg7 6. Nc3 a5 7. Nge2 Na6 8. 0-0 0-0 9. h3 Nc5 10. Bc2 c6 11. Bg5 h6 12. Be3 cxd5 13. exd5 Nfd7 14. Qd2 Kh7 15. Rae1 Nb6 16. b3 Bd7 17. f4 exf4 18. Nxf4 a4 19. Nh5 axb3 20. axb3 Nxb3 21. Qd3 Nc5 22. Bxc5 dxc5 23. Rxf7 Bf5 24. Rxg7+ Kh8 25. Qe3 Qg5 26. Qe5 Bxc2 27. Rh7+ Kxh7 28. Qg7# 1-0

[Event "SLO-chT"]
[Site "Murska Sobota"]
[Date "2006.11.26"]
[Round "2"]
[White "Mikac, Matjaz"]
[Black "Soln, Primoz"]
[Result "1/2-1/2"]
[WhiteElo "2389"]
[BlackElo "2375"]
[PlyCount "76"]
[EventDate "2006.11.25"]
[EventType "team"]
[EventRounds "9"]
[EventCountry "SLO"]
[SourceTitle "EXT 2008"]
[Source "ChessBase"]
[SourceDate "2007.11.25"]
[SourceVersion "1"]
[SourceVersionDate "2007.11.25"]
[SourceQuality "1"]

1. g3 d5 2. Nf3 c6 3. Bg2 Bg4 4. 0-0 Nd7 5. d4 e6 6. Nbd2 Ngf6 7. Re1 Be7 8. c3 0-0 9. e4 dxe4 10. Nxe4 Nxe4 11. Rxe4 Bh5 12. Qb3 Qb6 13. Nd2 a5 14. Nc4 Qxb3 15. axb3 Bd1 16. Nxa5 Bc2 17. Re1 b6 18. Bxc6 bxa5 19. Bxd7 Bxb3 20. Ba4 Bd5 21. b3 Rfc8 22. Bd2 Bf6 23. c4 Bf3 24. Bc3 Rd8 25. Re3 Bb7 26. Rd1 g5 27. f3 h5 28. d5 Bxc3 29. Rxc3 exd5 30. cxd5 Rxd5 31. Rxd5 Bxd5 32. Rc5 Bxf3 33. Rxg5+ Kf8 34. Kf2 Bg4 35. h3 f6 36. Rd5 Bxh3 37. Rxh5 Be6 38. Rb5 Ke7 1/2-1/2

[Event "SLO-chT 16th"]
[Site "Ljubljana"]
[Date "2006.07.06"]
[Round "6"]
[White "Soln, Primoz"]
[Black "Sebenik, Matej"]
[Result "1/2-1/2"]
[WhiteElo "2369"]
[BlackElo "2400"]
[PlyCount "22"]
[EventDate "2006.07.03"]
[EventType "team"]
[EventRounds "9"]
[EventCountry "SLO"]
[SourceTitle "EXT 2008"]
[Source "ChessBase"]
[SourceDate "2007.11.25"]
[SourceVersion "1"]
[SourceVersionDate "2007.11.25"]
[SourceQuality "1"]

1. d4 d5 2. c4 c6 3. Nc3 Nf6 4. Nf3 dxc4 5. a4 e6 6. e4 Bb4 7. Qc2 b5 8. Bg5 h6 9. Bh4 g5 10. Bg3 Nbd7 11. Be2 Bb7 1/2-1/2

[Event "SLO-chT 15th"]
[Site "Bled"]
[Date "2005.12.01"]
[Round "8"]
[White "Soln, Primoz"]
[Black "Piskur, Mitja"]
[Result "1/2-1/2"]
[WhiteElo "2355"]
[BlackElo "2296"]
[PlyCount "25"]
[EventDate "2005.11.26"]
[EventType "team-tourn"]
[EventRounds "9"]
[EventCountry "SLO"]
[SourceTitle "CBM 109 Extra"]
[Source "ChessBase"]
[SourceDate "2006.01.03"]
[SourceVersion "2"]
[SourceVersionDate "2006.01.03"]
[SourceQuality "1"]
[WhiteTeam "Ljubljana Metalka Trgovina"]
[BlackTeam "Ljubljana Vidmar"]
[WhiteTeamCountry "SLO"]
[BlackTeamCountry "SLO"]

1. d4 f5 2. Nf3 Nf6 3. Bg5 e6 4. c4 Be7 5. Nc3 d5 6. Qb3 c6 7. Rd1 0-0 8. g3 Nbd7 9. Bg2 h6 10. Bc1 Ne4 11. 0-0 Qb6 12. Qc2 Bf6 13. b3 1/2-1/2

[Event "SLO-chT 15th"]
[Site "Bled"]
[Date "2005.11.30"]
[Round "6"]
[White "Mohr, Georg"]
[Black "Soln, Primoz"]
[Result "0-1"]
[WhiteElo "2472"]
[BlackElo "2355"]
[PlyCount "116"]
[EventDate "2005.11.26"]
[EventType "team-tourn"]
[EventRounds "9"]
[EventCountry "SLO"]
[SourceTitle "CBM 109 Extra"]
[Source "ChessBase"]
[SourceDate "2006.01.03"]
[SourceVersion "2"]
[SourceVersionDate "2006.01.03"]
[SourceQuality "1"]
[WhiteTeam "Maribor LANCom"]
[BlackTeam "Ljubljana Metalka Trgovina"]
[WhiteTeamCountry "SVK"]
[BlackTeamCountry "SLO"]

1. d4 d5 2. Nf3 c6 3. e3 Nf6 4. c4 e6 5. Nc3 Nbd7 6. Qc2 Bd6 7. e4 Nxe4 8. Nxe4 dxe4 9. Qxe4 e5 10. dxe5 0-0 11. exd6 Re8 12. Qxe8+ Qxe8+ 13. Be3 Nf6 14. 0-0-0 Bf5 15. Bd3 Bxd3 16. Rxd3 c5 17. b3 Qe4 18. Rhd1 Nd7 19. Bg5 f6 20. Bh4 Qg6 21. Re3 Qxg2 22. Bg3 a5 23. a4 Rf8 24. Rg1 Qh3 25. Re7 Rf7 26. Rge1 b6 27. Rxf7 Kxf7 28. Re7+ Kg8 29. Ne1 h5 30. Nc2 h4 31. Bxh4 Qxh4 32. Rxd7 Qxf2 33. Re7 Qf4+ 34. Ne3 Qxd6 35. Rxg7+ Kf8 36. Rg3 Qf4 37. Kd1 Qf2 38. Nd5 f5 39. Rg6 Kf7 40. Rxb6 Kg7 41. Ra6 f4 42. Nxf4 Qxf4 43. Rxa5 Kf6 44. Kc2 Qf2+ 45. Kd3 Ke5 46. Ra7 Qf3+ 47. Kc2 Qg2+ 48. Kc3 Qh3+ 49. Kb2 Kd4 50. Ka3 Qxh2 51. Rf7 Qg2 52. a5 Kc3 53. Ka4 Qa2+ 54. Kb5 Qxb3+ 55. Kc6 Qxc4 56. Rb7 Qa6+ 57. Rb6 Qxa5 58. Rb5 Qxb5+ 0-1

[Event "SLO-chT 15th"]
[Site "Bled"]
[Date "2005.11.26"]
[Round "1"]
[White "Soln, Primoz"]
[Black "Justin, Matjaz"]
[Result "1/2-1/2"]
[WhiteElo "2355"]
[BlackElo "2364"]
[PlyCount "49"]
[EventDate "2005.11.26"]
[EventType "team-tourn"]
[EventRounds "9"]
[EventCountry "SLO"]
[SourceTitle "CBM 109 Extra"]
[Source "ChessBase"]
[SourceDate "2006.01.03"]
[SourceVersion "2"]
[SourceVersionDate "2006.01.03"]
[SourceQuality "1"]
[WhiteTeam "Ljubljana Metalka Trgovina"]
[BlackTeam "Vrhnika Sinfonika"]
[WhiteTeamCountry "SLO"]
[BlackTeamCountry "SVK"]

1. d4 Nf6 2. c4 e6 3. Nf3 a6 4. Nc3 c5 5. d5 b5 6. Bg5 b4 7. Ne4 Be7 8. Nxf6+ Bxf6 9. Qd2 h6 10. Bxf6 Qxf6 11. e4 e5 12. Be2 d6 13. 0-0 Nd7 14. a3 Rb8 15. Ne1 0-0 16. Nd3 bxa3 17. Rxa3 Qg6 18. f3 Qg5 19. Qxg5 hxg5 20. Rb1 g6 21. b4 cxb4 22. Rxb4 Rxb4 23. Nxb4 Bb7 24. Ra2 Ra8 25. Ra5 1/2-1/2